| 000 | 00377nam a22001577a 4500 | ||
|---|---|---|---|
| 020 | _a0195799283 | ||
| 040 | _cNUST | ||
| 082 |
_a510 _bMAT |
||
| 100 |
_aTeh Keng Seng _9125104 |
||
| 110 |
_aLooi Chin Keong _9125105 |
||
| 245 | _aMathematics-4 | ||
| 250 | _a5th Edition | ||
| 260 |
_aNew York: _boxford university press, _c2003. |
||
| 650 | _aMathematics | ||
| 942 |
_2ddc _cBK |
||
| 999 |
_c610865 _d610865 |
||